LEADER 00996nam0-22002891i-450- 001 990006222610403321 005 19980601 035 $a000622261 035 $aFED01000622261 035 $a(Aleph)000622261FED01 035 $a000622261 100 $a19980601d1963----km-y0itay50------ba 105 $a--------00-yy 200 1 $a<>Einfluss des franzosischen Verwaltungsrecht auf den Rechtsschutz in den europaischen Gemeinschaften$fPeter Becker. 210 $aHamburg$cHansischer Gildenverlag$d1963 215 $a148 p.$d24 cm 225 1 $a"Universitat Kiel. Veroffentlichungen des Instituts fur internationales Recht...$v45 676 $a340.02 700 1$aBecker,$bPeter$0406629 801 0$aIT$bUNINA$gRICA$2UNIMARC 901 $aBK 912 $a990006222610403321 952 $aUNIV. 157 (45$b95109$fFGBC 959 $aFGBC 996 $aEinfluss des franzosischen Verwaltungsrecht auf den Rechtsschutz in den europaischen Gemeinschaften$9637183 997 $aUNINA DB $aGIU01 LEADER 03468nas 2200985- 450 001 996214110103316 005 20230601213019.0 011 $a1465-346X 035 $a(DE-599)ZDB3135302-2 035 $a(OCoLC)42052371 035 $a(CKB)954925256168 035 $a(CONSER)--2007247622 035 $a(EXLCZ)99954925256168 100 $a19990811a19549999 s-- a 101 0 $aeng 135 $aur||||||||||| 181 $ctxt$2rdacontent 182 $cc$2rdamedia 183 $acr$2rdacarrier 200 00$aInternational journal of disability, development, and education 210 1$a[St. Lucia, Queensland, Australia] :$cUniversity of Queensland Press,$d[1989]- 210 21$a[Abington, United Kingdom] :$cCarfax Publishing Company 210 31$a[Abington, United Kingdom] :$cTaylor & Francis 215 $a1 online resource 300 $aRefereed/Peer-reviewed 311 $a1034-912X 517 1 $aIJDDE 531 $aINTERNATIONAL JOURNAL OF DISABILITY, DEVELOPMENT, & EDUCATION 531 $aINT J DISABIL DEV ED 531 $aINT. J. DISABIL. DEV. EDUC 606 $aPeople with disabilities$xEducation$vPeriodicals 606 $aPeople with disabilities$vPeriodicals 606 $aSpecial education$vPeriodicals 606 $aLearning Disabilities 606 $aEducation, Special 606 $aDisabled Persons 606 $aLearning Disorders 606 $aDisabled 606 $aHandicapés$xÉducation$xPériodiques 606 $aHandicapés$xPériodiques 606 $aÉducation spéciale$xPériodiques 606 $aDisability Studies$2ebps 606 $aPeople with disabilities$2fast$3(OCoLC)fst01057245 606 $aPeople with disabilities$xEducation$2fast$3(OCoLC)fst01057265 606 $aSpecial education$2fast$3(OCoLC)fst01128842 606 $aOrthopedagogiek$2gtt 606 $aSpeciaal onderwijs$2gtt 606 $aÉducation spéciale$2rasuqam 606 $aTrouble d'apprentissage$2rasuqam 606 $aEnfant handicapé$2rasuqam 606 $aHandicapé$2rasuqam 606 $aHandicapé développemental$2rasuqam 608 $aPeriodical. 608 $aPeriodicals.$2fast 608 $aPeriodicals.$2lcgft 608 $aPériodique électronique (Descripteur de forme)$2rasuqam 608 $aRessource Internet (Descripteur de forme)$2rasuqam 615 0$aPeople with disabilities$xEducation 615 0$aPeople with disabilities 615 0$aSpecial education 615 2$aLearning Disabilities. 615 2$aEducation, Special. 615 2$aDisabled Persons. 615 2$aLearning Disorders 615 2$aDisabled 615 6$aHandicapés$xÉducation$xPériodiques. 615 6$aHandicapés$xPériodiques. 615 6$aÉducation spéciale$xPériodiques. 615 7$aDisability Studies. 615 7$aPeople with disabilities. 615 7$aPeople with disabilities$xEducation. 615 7$aSpecial education. 615 17$aOrthopedagogiek. 615 17$aSpeciaal onderwijs. 615 7$aÉducation spéciale. 615 7$aTrouble d'apprentissage. 615 7$aEnfant handicapé 615 7$aHandicapé 615 7$aHandicapé développemental. 676 $a371.9 712 02$aFred and Eleanor Schonell Special Education Research Centre, 906 $aJOURNAL 912 $a996214110103316 996 $aInternational journal of disability, development, and education$92556890 997 $aUNISA